000 00434nam a2200169Ia 4500
008 230711s9999||||xx |||||||||||||| ||und||
020 _a978-0-07-063429-9
041 _aENG
082 _a628
_bKI-E
100 _aKiely,Gerard
245 0 _aEnvironmental engineering
250 _a1st Ed.
260 _c2007
_aNew Delhi
_bMcGraw Hill Education(India) Private Limited
300 _a889p.
650 _aCivil Engineering
942 _cBK
999 _c5881
_d5881